| 000 | 00761nam a2200241Ia 4500 | ||
|---|---|---|---|
| 005 | 20211111075758.0 | ||
| 008 | 130821s2001 sp gr spa | ||
| 020 | _a8401341574 | ||
| 040 |
_aCo-BoUCM _bspa |
||
| 041 | 0 | 0 | _aspa |
| 100 | 1 |
_aCastells, Manuel _91325 |
|
| 245 | 1 | 3 |
_aLa galaxia internet _cManuel Castells |
| 260 |
_aMadrid (España) _bPlaza & Janés _c2001 |
||
| 300 | _a316 páginas | ||
| 490 | 0 | _aAreté | |
| 504 | _aIncluye bibliografía | ||
| 650 | 0 | 4 |
_aInformática _917593 |
| 650 | 0 | 4 |
_aInternet (Red de computadores) _917883 |
| 650 | 0 | 4 |
_aInternet (Red de computadores) _vAspectos sociales _958458 |
| 650 | 0 | 4 |
_aProgramación en internet _922495 |
| 942 |
_cLIBRO _2DEWEY _a1 _e1 _h004.67 _mC348g |
||
| 999 |
_c59065 _d59065 |
||